Obálka Náhled e-knihy:
Epub
Pro půjčování e-knih musíte být přihlášeni.
Jak si půjčit online?

Aplikovaná psychologie architektury - Kniha IV. /

Aplikovaná psychologie architektury Kniha IV. Psychologie navrhování architektury Čtvrtá kniha zakladatele aplikované psychologie architektury Karla Smejkala se vrací k samotnému jádru architektonické tvorby – procesu navrhování. Na základě více než dvacetiletého výzkumu odhaluje, jak zásadní roli h...

Celý popis

Uloženo v:
Série:Aplikovaná psychologie architektury, část 4
Hlavní autor: Smejkal, Karel (Autor)
Médium: E-kniha
Jazyk:Czech
Vydáno: Praha : Concept 42, 2026
Příbuzné jednotky:Z cyklu:: Aplikovaná psychologie architektury
Tagy:
Žádné tagy
LEADER 02423nam a22002417i 4500
001 301506
007 ta
008 260430s2026 xr ||||| |||| 00| 0 cze d
020 |a 9788088059356 
044 |a xr 
100 1 |a  Smejkal, Karel  |4 aut 
245 1 0 |a Aplikovaná psychologie architektury - Kniha IV. /  |c  Smejkal, Karel 
264 1 |a Praha :  |b Concept 42,  |c 2026 
300 |a 1 online zdroj (126 stran) 
336 |a text  |b txt  |2 rdacontent 
337 |a bez média  |b n  |2 rdamedia 
338 |a online zdroj  |b cr  |2 rdacarrier 
520 2 |a Aplikovaná psychologie architektury Kniha IV. Psychologie navrhování architektury Čtvrtá kniha zakladatele aplikované psychologie architektury Karla Smejkala se vrací k samotnému jádru architektonické tvorby – procesu navrhování. Na základě více než dvacetiletého výzkumu odhaluje, jak zásadní roli hraje osobnost architekta při vzniku výsledného díla. Ukazuje, že každé rozhodnutí, každá forma i každé řešení jsou ovlivněny individuálním vnímáním, zkušeností a vnitřním nastavením autora. Kniha přináší řadu výzkumů zaměřených na kreativitu, preference i kulturní vlivy a zároveň se snaží definovat, co vlastně tvoří kvalitní architekturu. Je určena těm, kteří chtějí porozumět procesu tvorby do hloubky a posunout své navrhování na vyšší úroveň. Co v knize najdete: ·  terminologické vymezení oboru a jeho vztah k environmentální psychologii ·  originální nástroj Test kvality architektury ·  rozsáhlý soubor výzkumů, například: grafická kreativita architektůvztah interiérových preferencí a osobnostitypologické preference stavebvliv kulturní a geografické příslušnostikognitivní struktura vnímání prostoru (výzkum v Japonsku – NIT Nagoya)analýza stavu stavebního trhu v ČR ·  definování charakteristik kvalitního architektonického díla 
787 0 8 |g 4  |i Z cyklu:  |t Aplikovaná psychologie architektury 
910 |a RBIT002 
998 |d 426531  |a https://core.palmknihy.cz/api/books/426531/cover?te7fbb  |b https://core.palmknihy.cz/api/books/426531/cover/400?te7fbb  |c https://core.palmknihy.cz/api/books/426531/cover/50?te7fbb  |e 2030-12-31  |g 126  |i 9788088059356  |j https://core.palmknihy.cz/api/books/426531/preview.epub  |l   |q 49  |r 1  |s https://www.palmknihy.cz/kniha/426531  |t ebook  |y 2026  |z 1  |v Aplikovaná psychologie architektury  |w 4 
999 |d 301504